000
00279nam a2200097Ia 4500
001
647601
005
20250826153705.0
008
250824s9999 xx 000 0 und d
245
0
_a
BİR ATIN HİKAYESİ ANTİK OKUL KLASİKLERİ
_c
MARK TWAIN
260
_b
ANTİK DÜNYA KLASİKLERİ
999
_c
647601
_d
647601